Simulačná metóda Monte Carlo

Využitie simulačnej metódy Monte Carlo pre potreby skvalitnenia rozhodovacích procesov v podniku. Výhody a nevýhody metódy. Monte Carlo dokáže nielen vypočítať možné hodnoty výstupnej premennej, ale aj určiť pravdepodobnosť, s akou daná hodnota môže nastať.

Guardado en:
Detalles Bibliográficos
Autor principal: Lukáč, Miroslav
Formato: Capítulo de libro
Lenguaje:eslovaco
Materias:
Etiquetas: Agregar Etiqueta
Sin Etiquetas, Sea el primero en etiquetar este registro!

MARC

LEADER 00000naa$a2200000$$$4500
001 0120560
005 20240502072346.0
041 0 |a slo 
044 |a SK 
245 1 0 |a Simulačná metóda Monte Carlo  |c Miroslav Lukáč 
520 |a Využitie simulačnej metódy Monte Carlo pre potreby skvalitnenia rozhodovacích procesov v podniku. Výhody a nevýhody metódy. Monte Carlo dokáže nielen vypočítať možné hodnoty výstupnej premennej, ale aj určiť pravdepodobnosť, s akou daná hodnota môže nastať. 
610 2 0 |a podnik 
610 2 0 |a procesy rozhodovacie 
610 2 0 |a metóda Monte Carlo 
100 1 |a Lukáč, Miroslav